[Event "Titled Tuesday intern op 21st Sept"]
[Site "Chess.com INT"]
[Date "2021.09.21"]
[Round "3"]
[White "Elissalt Cardenas, Hector"]
[Black "Juez, Jhon Alexander"]
[Result "1-0"]
[WhiteElo "2297"]
[BlackElo "2004"]
[PlyCount "63"]
[EventDate "2021.09.21"]
[EventType "swiss (blitz)"]
[EventRounds "9"]
[EventCountry "USA"]
[SourceTitle "EXT 2022"]
[Source "ChessBase"]
[SourceDate "2021.10.06"]
[SourceVersion "1"]
[SourceVersionDate "2021.10.06"]
[SourceQuality "1"]

1. d4 Nf6 2. c4 e5 3. dxe5 Ng4 4. e3 Bb4+ 5. Bd2 Bxd2+ 6. Qxd2 Nxe5 7. Nh3 Nbc6 8. Nf4 d6 9. Nc3 0-0 10. Be2 Bg4 11. f3 Bd7 12. 0-0 Qg5 13. Kh1 Qh6 14. Rad1 Rae8 15. Rfe1 Kh8 16. b3 g5 17. Nfd5 Rc8 18. e4 Qh4 19. Rf1 g4 20. Qe1 Qh6 21. f4 Ng6 22. Nf6 Rcd8 23. Nxd7 Rxd7 24. Bxg4 Re7 25. Qf2 Nh4 26. Rd5 Rg8 27. Rh5 Qf6 28. Nd5 Qd4 29. Qxd4+ Nxd4 30. Rxh4 Rxe4 31. Nf6 Rxg4 32. Rxh7# 1-0

[Event "Titled Tuesday intern op 21st Sept"]
[Site "Chess.com INT"]
[Date "2021.09.21"]
[Round "4"]
[White "Juez, Jhon Alexander"]
[Black "Pacheco Lugo, Alejandro Jose"]
[Result "0-1"]
[WhiteElo "2004"]
[BlackElo "2127"]
[PlyCount "74"]
[EventDate "2021.09.21"]
[EventType "swiss (blitz)"]
[EventRounds "9"]
[EventCountry "USA"]
[SourceTitle "EXT 2022"]
[Source "ChessBase"]
[SourceDate "2021.10.06"]
[SourceVersion "1"]
[SourceVersionDate "2021.10.06"]
[SourceQuality "1"]

1. e4 c5 2. d4 cxd4 3. c3 Nf6 4. e5 Nd5 5. cxd4 d6 6. exd6 Qxd6 7. Nc3 Bf5 8. Nf3 e6 9. Bb5+ Nc6 10. 0-0 Be7 11. Bg5 f6 12. Bh4 0-0 13. Bg3 Qd7 14. Bd3 Bxd3 15. Qxd3 Rad8 16. Rfe1 Rfe8 17. Rac1 Bf8 18. Qb5 a6 19. Qa4 Ncb4 20. Qb3 Nd3 21. Nxd5 Nxc1 22. Rxc1 Qxd5 23. Qb6 Rc8 24. Rxc8 Rxc8 25. h3 Qc6 26. Qb3 b5 27. d5 Qxd5 28. Qe3 Qxa2 29. Nd4 e5 30. Nf5 Qb1+ 31. Kh2 Qxf5 32. Qa7 Qe6 33. f4 exf4 34. Bxf4 Bd6 35. Bxd6 Qxd6+ 36. g3 Rc2+ 37. Kg1 Qd1# 0-1

[Event "Titled Tuesday intern op 14th Sept"]
[Site "Chess.com INT"]
[Date "2021.09.14"]
[Round "10"]
[White "Kislov, Oleg"]
[Black "Juez, Jhon Alexander"]
[Result "1/2-1/2"]
[WhiteElo "2249"]
[BlackElo "2004"]
[PlyCount "109"]
[EventDate "2021.09.14"]
[EventType "swiss (blitz)"]
[EventRounds "11"]
[EventCountry "USA"]
[SourceTitle "EXT 2022"]
[Source "ChessBase"]
[SourceDate "2021.10.06"]
[SourceVersion "1"]
[SourceVersionDate "2021.10.06"]
[SourceQuality "1"]

1. e4 e5 2. Nf3 Nc6 3. d4 exd4 4. Nxd4 Nf6 5. Nc3 d6 6. Bc4 Be7 7. 0-0 0-0 8. h3 Ne5 9. Bb3 c6 10. f4 Ned7 11. Nf5 Nc5 12. Nxe7+ Qxe7 13. e5 dxe5 14. fxe5 Qxe5 15. Bf4 Qh5 16. Qxh5 Nxh5 17. Bd6 Nxb3 18. axb3 Re8 19. Bc5 a6 20. Rfe1 Be6 21. Rad1 Rad8 22. Bb6 Rxd1 23. Rxd1 Nf6 24. Kf2 Bf5 25. Rd2 h6 26. g4 Ne4+ 27. Nxe4 Bxe4 28. c3 Bd5 29. c4 Be6 30. Rd8 Rxd8 31. Bxd8 f6 32. Ke3 Kf7 33. Kf4 Bd7 34. Bb6 Ke6 35. Bd4 g6 36. h4 g5+ 37. hxg5 hxg5+ 38. Kf3 Kf7 39. Bc3 Be6 40. Bd4 b5 41. cxb5 cxb5 42. b4 Bd5+ 43. Kg3 Ke6 44. Bc3 f5 45. gxf5+ Kxf5 46. Bd4 g4 47. Bc3 Bf3 48. Be1 Ke4 49. Bc3 Kd3 50. Kf2 Kc4 51. Kg3 Kb3 52. Kf2 Kc2 53. Kg3 Kd3 54. Kf2 Bd1 55. Kg3 1/2-1/2

[Event "Titled Tuesday intern op 14th Sept"]
[Site "Chess.com INT"]
[Date "2021.09.14"]
[Round "2"]
[White "Pires, Marcos Vinicius Tor"]
[Black "Juez, Jhon Alexander"]
[Result "1-0"]
[WhiteElo "2302"]
[BlackElo "2004"]
[PlyCount "97"]
[EventDate "2021.09.14"]
[EventType "swiss (blitz)"]
[EventRounds "11"]
[EventCountry "USA"]
[SourceTitle "EXT 2022"]
[Source "ChessBase"]
[SourceDate "2021.10.06"]
[SourceVersion "1"]
[SourceVersionDate "2021.10.06"]
[SourceQuality "1"]

1. e4 e5 2. Nf3 Nc6 3. Nc3 Nf6 4. d4 exd4 5. Nxd4 d6 6. Bb5 Bd7 7. Bxc6 bxc6 8. 0-0 Be7 9. h3 0-0 10. Bf4 Rb8 11. Rb1 h6 12. Re1 Nh7 13. Bh2 Bf6 14. e5 dxe5 15. Bxe5 Bxe5 16. Rxe5 Qf6 17. Nf3 Be6 18. Ne4 Qd8 19. b3 Bd5 20. Nc3 Bxf3 21. Qxf3 Ng5 22. Qxc6 Rb6 23. Qc4 Rg6 24. Kh1 Qd2 25. Re2 Qd7 26. Rd1 Qf5 27. Qd3 Qa5 28. Ne4 Ne6 29. g3 Qxa2 30. Qc3 Qa6 31. Red2 Qb7 32. Qf3 Kh8 33. Rd5 Re8 34. Qxf7 Qc6 35. Qxg6 Rf8 36. Kh2 Qxc2 37. R5d2 Rxf2+ 38. Rxf2 Qxd1 39. Qxe6 Kh7 40. Qf5+ Kg8 41. Nc3 Qd4 42. Qf8+ Kh7 43. Qf5+ Kg8 44. Qf3 a5 45. Nd5 c6 46. Ne7+ Kh7 47. Qf5+ g6 48. Qxg6+ Kh8 49. Qg8# 1-0

[Event "Titled Tuesday intern op 01st Sept"]
[Site "Chess.com INT"]
[Date "2020.09.01"]
[Round "3"]
[White "Jian, Alex"]
[Black "Juez, Jhon Alexander"]
[Result "1-0"]
[WhiteElo "2089"]
[BlackElo "2028"]
[PlyCount "79"]
[EventDate "2020.09.01"]
[EventType "swiss (blitz)"]
[EventRounds "10"]
[EventCountry "USA"]
[SourceTitle "CBM 198 Extra"]
[Source "ChessBase"]
[SourceDate "2020.11.30"]
[SourceVersion "1"]
[SourceVersionDate "2020.11.30"]
[SourceQuality "1"]

1. d4 e6 2. c4 c5 3. d5 exd5 4. cxd5 d6 5. Nc3 Nf6 6. Nf3 Be7 7. Bf4 0-0 8. e3 Bg4 9. Be2 Nbd7 10. 0-0 Re8 11. Nd2 Bf5 12. e4 Bg6 13. f3 Nh5 14. Be3 f5 15. exf5 Bxf5 16. g4 Bh4 17. Nc4 b5 18. Nxb5 Nb6 19. Qd2 Bd7 20. Nbxd6 Nxc4 21. Bxc4 Nf6 22. Nxe8 Qxe8 23. Bf2 Bxf2+ 24. Qxf2 Rb8 25. Rfe1 Qg6 26. b3 Rf8 27. Qg3 Qc2 28. Re2 Qc3 29. Rae1 h5 30. g5 Nh7 31. Re3 Qd4 32. d6+ Kh8 33. Kg2 h4 34. Qe5 h3+ 35. Kh1 Qh4 36. Qg3 Qd4 37. Be6 Bc6 38. g6 Nf6 39. Qxh3+ Nh7 40. Qxh7# 1-0

[Event "Titled Tuesday intern op 01st Sept"]
[Site "Chess.com INT"]
[Date "2020.09.01"]
[Round "7"]
[White "Juez, Jhon Alexander"]
[Black "Eswaran, Ashritha"]
[Result "0-1"]
[WhiteElo "2028"]
[BlackElo "2244"]
[PlyCount "124"]
[EventDate "2020.09.01"]
[EventType "swiss (blitz)"]
[EventRounds "10"]
[EventCountry "USA"]
[SourceTitle "CBM 198 Extra"]
[Source "ChessBase"]
[SourceDate "2020.11.30"]
[SourceVersion "1"]
[SourceVersionDate "2020.11.30"]
[SourceQuality "1"]

1. e4 c5 2. d4 cxd4 3. c3 dxc3 4. Nxc3 e6 5. Nf3 a6 6. Bc4 Nc6 7. 0-0 d6 8. Qe2 Bd7 9. Rd1 Be7 10. Bf4 e5 11. Be3 Nf6 12. Rac1 h6 13. a3 0-0 14. Nd5 Nxd5 15. Bxd5 Rc8 16. h3 Be6 17. Bxc6 Rxc6 18. Nxe5 Rxc1 19. Bxc1 Qc7 20. Ng4 Bb3 21. Re1 Qc4 22. Qf3 Qe6 23. Qg3 Kh8 24. Bd2 Rc8 25. Bc3 Kh7 26. Ne3 Qg6 27. Qf3 Be6 28. Nf5 Bf8 29. Qf4 d5 30. Nh4 Qg5 31. Qxg5 hxg5 32. Nf3 f6 33. exd5 Bxd5 34. Nd4 Bc5 35. Nf5 Rd8 36. Ne7 Re8 37. Nxd5 Rd8 38. Kh2 Rxd5 39. f3 b5 40. Re6 Rd1 41. Kg3 Bd6+ 42. Kg4 Kg6 43. h4 Kf7 44. hxg5 Kxe6 45. gxf6 gxf6 46. f4 Rf1 47. g3 a5 48. Bd4 b4 49. axb4 axb4 50. Kh3 Kd5 51. Kg2 Rb1 52. Kh3 Kxd4 53. Kg4 Rxb2 54. Kf5 Re2 55. g4 b3 56. g5 fxg5 57. fxg5 b2 58. g6 b1Q+ 59. Kf6 Rf2+ 60. Kg7 Qf5 61. Kg8 Qf8+ 62. Kh7 Rh2# 0-1

[Event "Titled Tuesday intern op 01st Sept"]
[Site "Chess.com INT"]
[Date "2020.09.01"]
[Round "8"]
[White "Valdes Romero, Leonardo"]
[Black "Juez, Jhon Alexander"]
[Result "1-0"]
[WhiteElo "2402"]
[BlackElo "2028"]
[PlyCount "75"]
[EventDate "2020.09.01"]
[EventType "swiss (blitz)"]
[EventRounds "10"]
[EventCountry "USA"]
[SourceTitle "CBM 198 Extra"]
[Source "ChessBase"]
[SourceDate "2020.11.30"]
[SourceVersion "1"]
[SourceVersionDate "2020.11.30"]
[SourceQuality "1"]

1. Nf3 Nf6 2. c4 g6 3. g3 Bg7 4. Bg2 0-0 5. 0-0 d6 6. Nc3 c6 7. d3 e5 8. Rb1 Nbd7 9. b4 a5 10. a3 axb4 11. axb4 Re8 12. Nd2 Nf8 13. b5 Bd7 14. Qb3 Ne6 15. Nde4 Nd4 16. Qd1 Nxe4 17. Nxe4 Bg4 18. f3 Bf5 19. e3 Bxe4 20. fxe4 Ne6 21. Bd2 Ra2 22. Bb4 Nc5 23. bxc6 bxc6 24. Bxc5 dxc5 25. Rb7 Rf8 26. Qb3 Rd2 27. Rd1 Qa5 28. Kh1 Bh6 29. Rf1 Bxe3 30. Rb8 Qa7 31. Rxf8+ Kxf8 32. Qc3 Qc7 33. Qa3 Qd6 34. Qa8+ Kg7 35. Qe8 Qe6 36. Qd8 Qxc4 37. Qf6+ Kg8 38. dxc4 1-0

[Event "Titled Tuesday intern op 25th Aug"]
[Site "Chess.com INT"]
[Date "2020.08.25"]
[Round "5"]
[White "Baches Garcia, Guillermo"]
[Black "Juez, Jhon Alexander"]
[Result "1-0"]
[WhiteElo "2329"]
[BlackElo "2028"]
[PlyCount "63"]
[EventDate "2020.08.25"]
[EventType "swiss (blitz)"]
[EventRounds "10"]
[EventCountry "USA"]
[SourceTitle "CBM 198 Extra"]
[Source "ChessBase"]
[SourceDate "2020.11.30"]
[SourceVersion "1"]
[SourceVersionDate "2020.11.30"]
[SourceQuality "1"]

1. e4 e5 2. Nf3 Nc6 3. Nc3 Nf6 4. d4 d6 5. dxe5 dxe5 6. Qxd8+ Kxd8 7. Bg5 Bb4 8. 0-0-0+ Bd6 9. Nd5 Be6 10. Nxf6 gxf6 11. Bxf6+ Kd7 12. Bxh8 Rxh8 13. Bb5 Rg8 14. Nxe5+ Kc8 15. Nxc6 bxc6 16. Bxc6 Rxg2 17. e5 Rxf2 18. exd6 cxd6 19. Bd5 Kc7 20. Bxe6 fxe6 21. Rdf1 Rg2 22. Rf7+ Kc6 23. Rxh7 e5 24. Rxa7 e4 25. Re7 Kc5 26. h4 d5 27. h5 Kd4 28. h6 e3 29. h7 e2 30. h8Q+ Kc4 31. Rc7+ Kb5 32. Qb8+ 1-0

[Event "Titled Tuesday intern op 25th Aug"]
[Site "Chess.com INT"]
[Date "2020.08.25"]
[Round "9"]
[White "Juez, Jhon Alexander"]
[Black "Karwowski, Kacper"]
[Result "0-1"]
[WhiteElo "2028"]
[BlackElo "2190"]
[PlyCount "76"]
[EventDate "2020.08.25"]
[EventType "swiss (blitz)"]
[EventRounds "10"]
[EventCountry "USA"]
[SourceTitle "CBM 198 Extra"]
[Source "ChessBase"]
[SourceDate "2020.11.30"]
[SourceVersion "1"]
[SourceVersionDate "2020.11.30"]
[SourceQuality "1"]

1. e4 c5 2. d4 cxd4 3. c3 dxc3 4. Nxc3 d6 5. Nf3 Nc6 6. Bc4 e6 7. 0-0 Be7 8. Qe2 Nf6 9. Rd1 Qc7 10. Bf4 Ne5 11. Bxe5 dxe5 12. Rac1 Bd7 13. Nb5 Qb6 14. Nxe5 0-0 15. Nxd7 Nxd7 16. Rxd7 Bg5 17. Rcd1 Rac8 18. Bb3 a6 19. Nc3 Qb4 20. Qh5 Bf6 21. e5 Rc5 22. Qf3 Rxe5 23. Qxb7 Qg4 24. Qf3 Qg6 25. R7d4 h5 26. Qd3 Rf5 27. Bc2 Qh6 28. Rd6 a5 29. Qe3 Bg5 30. Qg3 Bf4 31. Qh3 Bxd6 32. Bxf5 exf5 33. Qxf5 Bb4 34. Nd5 Qd6 35. h3 Rd8 36. a3 Bc5 37. Nc3 Bd4 38. Nb5 Bxf2+ 0-1

[Event "Titled Tuesday intern op 12th May"]
[Site "Chess.com INT"]
[Date "2020.05.12"]
[Round "5"]
[White "Juez, Jhon Alexander"]
[Black "Islamov, Qaasim"]
[Result "1-0"]
[WhiteElo "2028"]
[BlackElo "2324"]
[PlyCount "65"]
[EventDate "2020.05.12"]
[EventType "swiss (blitz)"]
[EventRounds "10"]
[EventCountry "USA"]
[SourceTitle "EXT 2021"]
[Source "ChessBase"]
[SourceDate "2020.10.23"]
[SourceVersion "1"]
[SourceVersionDate "2020.10.23"]
[SourceQuality "1"]

1. e4 b6 2. d3 Bb7 3. Nd2 e6 4. g3 d5 5. Bg2 dxe4 6. dxe4 Nf6 7. Ne2 Bc5 8. 0-0 0-0 9. c3 e5 10. h3 Be7 11. Qc2 c5 12. a4 Nc6 13. Nc4 a6 14. Rd1 Qc7 15. Be3 b5 16. axb5 axb5 17. Nd2 h6 18. f4 Bd6 19. f5 Rxa1 20. Rxa1 Ra8 21. Rxa8+ Bxa8 22. g4 Na5 23. g5 hxg5 24. Bxg5 Bc6 25. Qd3 Be7 26. Ng3 Qb7 27. b4 cxb4 28. cxb4 Bxb4 29. Bxf6 gxf6 30. Qd8+ Kg7 31. Nh5+ Kh6 32. Qxf6+ Kxh5 33. Bf3# 1-0

[Event "Titled Tuesday intern op1 3rd March  "]
[Site "Chess.com INT"]
[Date "2020.03.03"]
[Round "3"]
[White "Colijn, Stefan"]
[Black "Juez, Jhon Alexander"]
[Result "0-1"]
[WhiteElo "2327"]
[BlackElo "2028"]
[PlyCount "32"]
[EventDate "2020.03.03"]
[EventType "swiss (blitz)"]
[EventRounds "10"]
[EventCountry "USA"]
[SourceTitle "EXT 2021"]
[Source "ChessBase"]
[SourceDate "2020.10.23"]
[SourceVersion "1"]
[SourceVersionDate "2020.10.23"]
[SourceQuality "1"]

1. d4 Nf6 2. Nf3 g6 3. Nc3 d5 4. Bf4 Bg7 5. e3 c5 6. Nb5 Na6 7. c3 0-0 8. Bd3 Bg4 9. 0-0 Ne4 10. h3 Bxf3 11. gxf3 Nf6 12. e4 c4 13. Bc2 Qd7 14. a4 Qxh3 15. Be5 Nh5 16. Bxg7 Nf4 0-1

[Event "Titled Tuesday intern op1 3rd March  "]
[Site "Chess.com INT"]
[Date "2020.03.03"]
[Round "7"]
[White "Juez, Jhon Alexander"]
[Black "Sanchez Alvarez, Kelvin Antonio"]
[Result "0-1"]
[WhiteElo "2028"]
[BlackElo "2250"]
[PlyCount "76"]
[EventDate "2020.03.03"]
[EventType "swiss (blitz)"]
[EventRounds "10"]
[EventCountry "USA"]
[SourceTitle "EXT 2021"]
[Source "ChessBase"]
[SourceDate "2020.10.23"]
[SourceVersion "1"]
[SourceVersionDate "2020.10.23"]
[SourceQuality "1"]

1. Nf3 Nf6 2. c4 g6 3. b3 Bg7 4. Bb2 d6 5. e3 0-0 6. Be2 c5 7. Nc3 Nc6 8. Qc2 Rb8 9. d4 Bf5 10. Qd1 Nb4 11. 0-0 a6 12. d5 a5 13. a3 Na6 14. Bd3 Bxd3 15. Qxd3 Nc7 16. e4 e6 17. dxe6 Nxe6 18. Nb5 Nf4 19. Qc2 Qe7 20. Rfe1 Rfe8 21. Rad1 Rbd8 22. g3 Ne6 23. e5 dxe5 24. Bxe5 Rxd1 25. Rxd1 Rd8 26. Rd6 Ne8 27. Rxd8 Nxd8 28. Bxg7 Nxg7 29. Qd2 Nc6 30. Qh6 Nf5 31. Qf4 Qd7 32. g4 Nfd4 33. h3 Nxb3 34. Kg2 Nbd4 35. Ne5 Nxe5 36. Qxe5 Qc6+ 37. Qd5 Qxd5+ 38. cxd5 Nxb5 0-1

[Event "Titled Tuesday intern op 7th Januar"]
[Site "Chess.com INT"]
[Date "2020.01.07"]
[Round "2"]
[White "Gurevich, Dmitry"]
[Black "Juez, Jhon Alexander"]
[Result "1-0"]
[WhiteElo "2394"]
[BlackElo "2028"]
[PlyCount "141"]
[EventDate "2020.01.07"]
[EventType "swiss (blitz)"]
[EventRounds "10"]
[EventCountry "USA"]
[SourceTitle "EXT 2021"]
[Source "ChessBase"]
[SourceDate "2020.10.23"]
[SourceVersion "1"]
[SourceVersionDate "2020.10.23"]
[SourceQuality "1"]

1. d4 f5 2. Nf3 Nf6 3. Bg5 g6 4. Bxf6 exf6 5. e3 Bg7 6. Bc4 d5 7. Bb3 c6 8. c4 Be6 9. cxd5 Bxd5 10. Nc3 0-0 11. Nxd5 cxd5 12. Rc1 Nc6 13. Rc5 Ne7 14. 0-0 Rc8 15. Qd3 b6 16. Rxc8 Qxc8 17. h4 Qd7 18. Rc1 Rc8 19. Rc3 Rxc3 20. Qxc3 h6 21. Ne1 g5 22. Nd3 Kh7 23. h5 Nc8 24. a4 Ne7 25. a5 Qb5 26. axb6 axb6 27. Bc2 Qa6 28. Qc7 Qc8 29. Qxc8 Nxc8 30. Bb3 Ne7 31. Nb4 Bf8 32. Bxd5 Nc8 33. Nd3 Nd6 34. f3 Nb5 35. Bc6 Nc7 36. Bd7 Kg7 37. Bxf5 Nd5 38. Kf2 Bd6 39. Ke2 Nb4 40. Nc1 Nc6 41. g4 Kf7 42. Be4 Na5 43. Bd5+ Ke7 44. Nd3 Bc7 45. b4 Kd6 46. bxa5 Kxd5 47. axb6 Bxb6 48. Nf2 Bxd4 49. exd4 Kxd4 50. Ne4 Ke5 51. Ng3 Kf4 52. Nf5 Ke5 53. Ke3 Kd5 54. Nxh6 Ke5 55. Nf7+ Ke6 56. Nxg5+ fxg5 57. Ke4 Kf6 58. Kd5 Kg7 59. Ke6 Kh6 60. Kf6 Kh7 61. Kxg5 Kg8 62. Kg6 Kh8 63. f4 Kg8 64. f5 Kh8 65. Kf7 Kh7 66. g5 Kh8 67. f6 Kh7 68. Ke7 Kg8 69. g6 Kh8 70. f7 Kg7 71. f8Q# 1-0

[Event "Titled Tuesday intern op 7th Januar"]
[Site "Chess.com INT"]
[Date "2020.01.07"]
[Round "1"]
[White "Juez, Jhon Alexander"]
[Black "Romanchuk, Viktor"]
[Result "1/2-1/2"]
[WhiteElo "2028"]
[BlackElo "2258"]
[PlyCount "68"]
[EventDate "2020.01.07"]
[EventType "swiss (blitz)"]
[EventRounds "10"]
[EventCountry "USA"]
[SourceTitle "EXT 2021"]
[Source "ChessBase"]
[SourceDate "2020.10.23"]
[SourceVersion "1"]
[SourceVersionDate "2020.10.23"]
[SourceQuality "1"]

1. e4 e6 2. d3 d5 3. Nd2 Nf6 4. g3 c5 5. Bg2 g6 6. Ngf3 Bg7 7. 0-0 0-0 8. c3 Nc6 9. Re1 a5 10. Nf1 b5 11. h3 b4 12. e5 Nd7 13. d4 Ba6 14. g4 bxc3 15. bxc3 cxd4 16. cxd4 Nb4 17. Bg5 Qc7 18. Be7 Rfc8 19. Bxb4 axb4 20. N1d2 Qc2 21. Nb3 Bb5 22. Ng5 Bh6 23. h4 Rxa2 24. Rxa2 Qxa2 25. Qf3 Bxg5 26. hxg5 Rc3 27. Re3 Qxb3 28. Bf1 Qb1 29. Rxc3 Qxf1+ 30. Kh2 bxc3 31. Qxc3 Qxf2+ 32. Kh1 Be2 33. Qc8+ Nf8 34. Qxf8+ Kxf8 1/2-1/2

[Event "Titled Tuesday intern op 7th Januar"]
[Site "Chess.com INT"]
[Date "2020.01.07"]
[Round "8"]
[White "Nilsen, Tobias Lang"]
[Black "Juez, Jhon Alexander"]
[Result "1/2-1/2"]
[WhiteElo "1978"]
[BlackElo "2028"]
[PlyCount "142"]
[EventDate "2020.01.07"]
[EventType "swiss (blitz)"]
[EventRounds "10"]
[EventCountry "USA"]
[SourceTitle "EXT 2021"]
[Source "ChessBase"]
[SourceDate "2020.10.23"]
[SourceVersion "1"]
[SourceVersionDate "2020.10.23"]
[SourceQuality "1"]

1. e4 e5 2. Nf3 Nc6 3. Bb5 a6 4. Ba4 d6 5. 0-0 Bd7 6. c3 Nge7 7. d4 Ng6 8. Re1 Be7 9. Bd2 0-0 10. h3 f5 11. exf5 Bxf5 12. Bb3+ Kh8 13. dxe5 Ncxe5 14. Nxe5 Nxe5 15. Be3 Bxh3 16. gxh3 Nf3+ 17. Kf1 Nxe1 18. Qxe1 Qd7 19. Kg2 Qc6+ 20. Kh2 Bf6 21. Nd2 Be5+ 22. Kg1 Rf6 23. Bc2 Raf8 24. Be4 d5 25. Bg2 Qb5 26. Nb3 Rg6 27. Kh1 a5 28. Bc5 Bd6 29. Bxd6 Rxd6 30. Qf1 Qb6 31. Qe2 h6 32. Rf1 c5 33. Nd2 Qxb2 34. Rb1 Qxa2 35. Rxb7 Rg6 36. Bxd5 Qxd5+ 37. Qe4 Qxd2 38. Qxg6 Qe1+ 39. Qg1 Qxg1+ 40. Kxg1 Rf3 41. Rb5 Rxc3 42. Rxa5 Kh7 43. Kg2 g5 44. Ra7+ Kg6 45. Rc7 Kf5 46. Rc6 h5 47. Kf1 Kf4 48. Rf6+ Ke5 49. Rg6 Kf5 50. Rc6 Rc2 51. Rc7 h4 52. Rf7+ Ke5 53. Rg7 Kf5 54. Rf7+ Ke5 55. Rg7 Kf6 56. Rc7 Ke5 57. Kg2 c4 58. Rc5+ Kf4 59. Rc7 Ke4 60. Rg7 Kf5 61. Rf7+ Kg6 62. Rc7 Kf5 63. Rf7+ Kg6 64. Rc7 Rc1 65. Kf3 Kf6 66. Rc6+ Kf5 67. Rc5+ Kg6 68. Rc6+ Kf5 69. Rc5+ Kg6 70. Kg4 Rg1+ 71. Kf3 Rc1 1/2-1/2

[Event "Titled Tuesday intern op 7th Januar"]
[Site "Chess.com INT"]
[Date "2020.01.07"]
[Round "3"]
[White "Wadsworth, Matthew J"]
[Black "Juez, Jhon Alexander"]
[Result "1-0"]
[WhiteElo "2401"]
[BlackElo "2028"]
[PlyCount "93"]
[EventDate "2020.01.07"]
[EventType "swiss (blitz)"]
[EventRounds "10"]
[EventCountry "USA"]
[SourceTitle "EXT 2021"]
[Source "ChessBase"]
[SourceDate "2020.10.23"]
[SourceVersion "1"]
[SourceVersionDate "2020.10.23"]
[SourceQuality "1"]

1. Nf3 g6 2. g3 Bg7 3. Bg2 Nf6 4. c4 d6 5. Nc3 0-0 6. 0-0 c6 7. Rb1 e5 8. d3 Nbd7 9. b4 a6 10. a4 h6 11. a5 Kh7 12. Na4 Nh5 13. e4 Qe7 14. Be3 Rb8 15. Qd2 b5 16. axb6 Bb7 17. c5 d5 18. Qc2 d4 19. Bd2 f5 20. exf5 gxf5 21. Nb2 f4 22. Nc4 fxg3 23. fxg3 Nhf6 24. Nh4 Nd5 25. Be4+ Kg8 26. Ng6 Rxf1+ 27. Rxf1 Qd8 28. Nd6 a5 29. bxa5 Ba6 30. Qc1 h5 31. Bg5 N7f6 32. Bxf6 Nxf6 33. Bf5 e4 34. Be6+ Kh7 35. Ne5 Bxd3 36. Qg5 e3 37. Nxd3 Qe7 38. Bf5+ Kh8 39. Nf4 e2 40. Ng6+ Kg8 41. Nxe7+ Kf8 42. Re1 d3 43. Bxd3 Kxe7 44. Qxg7+ Ke6 45. Rxe2+ Kd5 46. Qxf6 h4 47. Qe5# 1-0

[Event "Titled Tuesday intern op 5th Nov"]
[Site "Chess.com INT"]
[Date "2019.11.05"]
[Round "2"]
[White "Juez, Jhon Alexander"]
[Black "Piotrowski, Przemyslaw"]
[Result "1-0"]
[WhiteElo "2028"]
[BlackElo "2277"]
[PlyCount "67"]
[EventDate "2019.11.05"]
[EventType "swiss (blitz)"]
[EventRounds "10"]
[EventCountry "USA"]
[SourceTitle "EXT 2021"]
[Source "ChessBase"]
[SourceDate "2020.10.23"]
[SourceVersion "1"]
[SourceVersionDate "2020.10.23"]
[SourceQuality "1"]

1. d4 Nf6 2. Nf3 g6 3. g3 c5 4. d5 d6 5. Nc3 e6 6. Bg2 exd5 7. Nxd5 Nxd5 8. Qxd5 Nc6 9. Bg5 Qa5+ 10. Bd2 Qb5 11. Bc3 Be6 12. Qd2 Rg8 13. Ng5 0-0-0 14. a4 Qa6 15. 0-0 Bh6 16. Bf6 Rd7 17. Qc3 Bxg5 18. Bxg5 Nd4 19. Kh1 Qxe2 20. Bf6 Rc7 21. Bxd4 cxd4 22. Qxd4 Kb8 23. Qxd6 Qxc2 24. Rac1 Qxc1 25. Rxc1 Rgc8 26. a5 a6 27. b4 Bc4 28. Rxc4 f5 29. f4 h5 30. h4 g5 31. hxg5 h4 32. gxh4 Ka8 33. Rxc7 Rh8 34. Qxa6+ 1-0

[Event "Titled Tuesday intern op 5th Nov"]
[Site "Chess.com INT"]
[Date "2019.11.05"]
[Round "8"]
[White "Juez, Jhon Alexander"]
[Black "Romanchuk, Viktor"]
[Result "0-1"]
[WhiteElo "2028"]
[BlackElo "2258"]
[PlyCount "102"]
[EventDate "2019.11.05"]
[EventType "swiss (blitz)"]
[EventRounds "10"]
[EventCountry "USA"]
[SourceTitle "EXT 2021"]
[Source "ChessBase"]
[SourceDate "2020.10.23"]
[SourceVersion "1"]
[SourceVersionDate "2020.10.23"]
[SourceQuality "1"]

1. d4 d5 2. Nf3 Nf6 3. g3 c5 4. Bg2 Nc6 5. 0-0 e6 6. c4 Be7 7. dxc5 Bxc5 8. Qc2 Be7 9. Rd1 0-0 10. Nc3 h6 11. cxd5 exd5 12. e4 d4 13. Be3 dxe3 14. Rxd8 exf2+ 15. Qxf2 Rxd8 16. h3 Be6 17. Nh4 b6 18. Kh2 Ne5 19. Nf5 Bc5 20. Nxh6+ Kh7 21. Qf4 Ng6 22. Qg5 gxh6 23. Qxf6 Rd2 24. Rd1 Rxb2 25. h4 Rf2 26. e5 Rxf6 27. exf6 Rc8 28. Ne4 Ne5 29. Bh3 Bxh3 30. Kxh3 Kg6 31. g4 h5 32. g5 Re8 33. Rd5 Kf5 34. Ng3+ Ke6 35. Rd1 Rh8 36. Re1 Bd6 37. Ne4 Bb8 38. Rc1 b5 39. Nc5+ Kf5 40. Rf1+ Kg6 41. Na6 Bd6 42. Rd1 Rd8 43. Nc5 Bc7 44. Rc1 Bb6 45. Ne4 Rd3+ 46. Kg2 Nc4 47. a4 a6 48. axb5 axb5 49. Rb1 Rd4 50. Kf3 Ne5+ 51. Kf4 b4 0-1

[Event "Titled Tuesday intern op 2nd Jan"]
[Site "Chess.com INT"]
[Date "2018.01.02"]
[Round "2"]
[White "Coe, William R"]
[Black "Juez, Jhon Alexander"]
[Result "1-0"]
[WhiteElo "2078"]
[BlackElo "2028"]
[PlyCount "103"]
[EventDate "2018.01.02"]
[EventType "swiss (blitz)"]
[EventRounds "10"]
[EventCountry "USA"]
[SourceTitle "EXT 2021"]
[Source "ChessBase"]
[SourceDate "2020.10.23"]
[SourceVersion "1"]
[SourceVersionDate "2020.10.23"]
[SourceQuality "1"]

1. e4 e5 2. Nf3 Nc6 3. Bb5 a6 4. Ba4 d6 5. 0-0 Bd7 6. c3 Nge7 7. d4 Ng6 8. h3 Be7 9. Be3 0-0 10. Nbd2 Kh8 11. Nh2 f5 12. exf5 Bxf5 13. Bxc6 bxc6 14. dxe5 Nxe5 15. Ndf3 Nxf3+ 16. Nxf3 d5 17. Nd4 Bd7 18. Qh5 c5 19. Nf3 Rf5 20. Qg4 Rf6 21. Qh5 Be8 22. Qg4 Rg6 23. Qf4 Bd6 24. Ne5 Rf6 25. Qg5 Bc6 26. Nxc6 Qe8 27. Qxd5 Rc8 28. Rae1 Qg6 29. Bxc5 Bxc5 30. Ne5 Bxf2+ 31. Rxf2 Qg3 32. Nf3 Rcf8 33. Ref1 Rf5 34. Qe4 Rf4 35. Qe7 R4f7 36. Qe1 Rf6 37. Qd2 Rg6 38. Nd4 Rg8 39. Rf8 Qxh3 40. Rxg8+ Kxg8 41. Qe2 h6 42. Qe8+ Kh7 43. Qe4 Qh5 44. Qf3 c5 45. Qxh5 cxd4 46. cxd4 Rg5 47. Qf3 h5 48. Qe4+ Kh6 49. Rf5 Rg4 50. Qe5 g6 51. Rf8 Rg5 52. Rh8# 1-0